书目信息 |
| 题名: |
刘知远诸宫调
|
|
| 作者: | 刘知远 著 | |
| 分册: | ||
| 出版信息: | 北京 文物出版社 1958 |
|
| 页数: | 全一册 | |
| 开本: | 21*13cm | |
| 丛书名: | ||
| 单 册: | ||
| 中图分类: | I239.5 | |
| 科图分类: | ||
| 主题词: | 戏剧文学--剧本--中国 | |
| 电子资源: | ||
| ISBN: | ||
| 000 | 00564nam0 2200205 450 | |
| 001 | 0631096374 | |
| 005 | 20061029084000.14 | |
| 010 | @b线装@dCNY3.50 | |
| 100 | @a20061029d1958 km y0chiy0120 ea | |
| 101 | 0 | @achi |
| 102 | @aCN@b110000 | |
| 200 | 1 | @a刘知远诸宫调@Aliu zhi yuan zhu gong tiao@f刘知远著@Fliu zhi yuan zhu |
| 210 | @a北京@c文物出版社@d1958 | |
| 215 | @a全一册@d21*13cm | |
| 300 | @a本函共一册 | |
| 606 | 0 | @a戏剧文学@x剧本@x中国 |
| 690 | @aI239.5@v3 | |
| 701 | 0 | @a刘知远@Aliu zhi yuan@4著 |
| 801 | 0 | @aCN@bPFT@c20061029 |
| 905 | @a10447@dI239.5@e55 | |
| 刘知远诸宫调/刘知远著.-北京:文物出版社,1958 |
| 全一册;21*13cm |
| 本函共一册 |
| ISBN (线装):CNY3.50 |
| ● |
| 相关链接 |
|
|
|
|
正题名:刘知远诸宫调
索取号:I239.5/55
 
预约/预借
| 序号 | 登录号 | 条形码 | 馆藏地/架位号 | 状态 | 备注 |
| 1 | 0265774 | 202431289 | 古籍典藏专区/ [索取号:I239.5/55] | 在馆 |